Mathematics in action
| Other Authors: | |
|---|---|
| Format: | Book |
| Published: |
New York :
Macmillan/McGraw-Hill ,
1992
|
| Subjects: |
MARC
| LEADER | 00000cam a2200000 7i4500 | ||
|---|---|---|---|
| 001 | 0000004931 | ||
| 002 | 000005317 | ||
| 005 | 20000330.0 | ||
| 020 | |a 0021084939 | ||
| 090 | 0 | 0 | |a 510.7 |b MAT |
| 245 | 0 | 0 | |a Mathematics in action |c Alan R.Hoffer...(et al.) |
| 260 | |a New York : |b Macmillan/McGraw-Hill , |c 1992 | ||
| 300 | |a 534p. : |b ill. ; |c 22cm. | ||
| 650 | 0 | 0 | |a Mathematic |x Study and teaching |
| 700 | 1 | |a Hoffer, Alan R | |
| 999 | |a 037550 |b BUKU |c PINJAMAN |e PERPUSTAKAAN KOMUNITI PETALING JAYA | ||